[Event "Russian Higher League 2021"]
[Site "?"]
[Date "2021.07.05"]
[Round "9.9"]
[White "Romanov, Evgeny"]
[Black "Zakhartsov, Vladimir"]
[Result "1-0"]
[WhiteElo "2599"]
[BlackElo "2506"]
[Annotator ""]
[Source ""]
[Remark ""]

1.e4 {[%clk 1:30:13]} c5 {[%clk 1:30:55]} 2.Nf3 {[%clk 1:30:35]}
d6 {[%clk 1:31:17]} 3.Bc4 {[%clk 1:30:58]} Nf6 {[%clk 1:30:33]}
4.Qe2 {[%clk 1:31:19]} Nc6 {[%clk 1:29:26]} 5.h3 {[%clk 1:31:23]}
e6 {[%clk 1:29:16]} 6.Bb3 {[%clk 1:30:51]} d5 {[%clk 1:26:21]}
7.exd5 {[%clk 1:24:32]} Nxd5 {[%clk 1:26:47]} 8.O-O {[%clk 1:24:51]}
Be7 {[%clk 1:27:06]} 9.Rd1 {[%clk 1:19:30]} Bf6 {[%clk 1:21:32]}
10.Nc3 {[%clk 1:17:30]} Nxc3 {[%clk 1:21:24]} 11.dxc3 {[%clk 1:17:29]}
Qa5 {[%clk 1:17:55]} 12.Qe4 {[%clk 1:13:48]} h6 {[%clk 1:10:06]}
13.Bf4 {[%clk 1:10:12]} O-O {[%clk 1:08:29]} 14.Nd2 {[%clk 1:03:39]}
e5 {[%clk 1:06:59]} 15.Be3 {[%clk 1:01:00]} Ne7 {[%clk 1:04:16]}
16.Nc4 {[%clk 1:00:22]} Qc7 {[%clk 1:04:40]} 17.Nd6 {[%clk 0:59:49]}
Rb8 {[%clk 1:03:10]} 18.Qc4 {[%clk 0:50:49]} b6 {[%clk 1:00:03]}
19.Nxf7 {[%clk 0:50:00]} Kh7 {[%clk 1:00:30]} 20.Nd6 {[%clk 0:48:14]}
Bd7 {[%clk 1:00:52]} 21.a4 {[%clk 0:41:25]} Bc6 {[%clk 0:58:13]}
22.Qg4 {[%clk 0:41:12]} Rbd8 {[%clk 0:57:25]} 23.Ne4 {[%clk 0:37:44]}
Rxd1+ {[%clk 0:50:25]} 24.Rxd1 {[%clk 0:38:04]} Qb7 {[%clk 0:48:49]}
25.Nd6 {[%clk 0:37:10]} Qa8 {[%clk 0:49:13]} 26.Bc4 {[%clk 0:34:38]}
g6 {[%clk 0:47:20]} 27.Bb5 {[%clk 0:30:50]} Bd5 {[%clk 0:39:16]}
28.Bc4 {[%clk 0:30:46]} Bc6 {[%clk 0:38:07]} 29.Bd3 {[%clk 0:30:30]}
Bg7 {[%clk 0:32:46]} 30.h4 {[%clk 0:27:36]} Rf6 {[%clk 0:32:30]}
31.Ne4 {[%clk 0:24:35]} Rf8 {[%clk 0:31:38]} 32.h5 {[%clk 0:17:37]}
c4 {[%clk 0:30:44]} 33.Ng5+ {[%clk 0:17:41]} Kh8 {[%clk 0:31:13]}
34.Bxc4 {[%clk 0:17:05]} hxg5 {[%clk 0:30:12]} 35.hxg6 {[%clk 0:16:52]}
Nf5 {[%clk 0:28:47]} 36.Bxg5 {[%clk 0:16:11]} Bxg2 {[%clk 0:27:13]}
37.Qxg2 {[%clk 0:09:52]} Qxg2+ {[%clk 0:27:37]} 38.Kxg2 {[%clk 0:10:16]}
Bf6 {[%clk 0:28:02]} 39.Rd7 {[%clk 0:10:14]} 1-0

[Event "Russian Higher League 2021"]
[Site "?"]
[Date "2021.07.05"]
[Round "9.10"]
[White "Kobalia, Mikhail"]
[Black "Lobanov, Sergei"]
[Result "1/2-1/2"]
[WhiteElo "2596"]
[BlackElo "2514"]
[Annotator ""]
[Source ""]
[Remark ""]

1.e4 {[%clk 1:27:31]} e5 {[%clk 1:30:55]} 2.Nf3 {[%clk 1:27:57]}
Nc6 {[%clk 1:31:19]} 3.Bb5 {[%clk 1:28:23]} a6 {[%clk 1:31:42]}
4.Ba4 {[%clk 1:28:49]} Bc5 {[%clk 1:32:05]} 5.c3 {[%clk 1:29:10]}
Nge7 {[%clk 1:32:23]} 6.d4 {[%clk 1:28:44]} exd4 {[%clk 1:32:48]}
7.cxd4 {[%clk 1:29:11]} Bb4+ {[%clk 1:33:14]} 8.Bd2 {[%clk 1:28:46]}
Bxd2+ {[%clk 1:33:37]} 9.Qxd2 {[%clk 1:29:12]} d5 {[%clk 1:34:00]}
10.exd5 {[%clk 1:29:32]} Nxd5 {[%clk 1:34:21]} 11.Bxc6+ {[%clk 1:29:39]}
bxc6 {[%clk 1:34:49]} 12.O-O {[%clk 1:30:00]} O-O {[%clk 1:35:12]}
13.Nc3 {[%clk 1:28:36]} Nxc3 {[%clk 1:35:26]} 14.Qxc3 {[%clk 1:29:02]}
Be6 {[%clk 1:35:19]} 15.Ne5 {[%clk 1:25:02]} Bd5 {[%clk 1:35:28]}
16.b3 {[%clk 1:24:37]} a5 {[%clk 1:35:48]} 17.Nxc6 {[%clk 1:23:17]}
Qg5 {[%clk 1:36:05]} 18.Qg3 {[%clk 1:21:38]} Qf6 {[%clk 1:36:28]}
19.Ne5 {[%clk 1:22:00]} Qd6 {[%clk 1:36:50]} 20.Ng4 {[%clk 1:13:19]}
Qxg3 {[%clk 1:35:43]} 21.hxg3 {[%clk 1:13:26]} a4 {[%clk 1:36:12]}
22.Ne3 {[%clk 1:07:13]} Rfd8 {[%clk 1:36:37]} 23.b4 {[%clk 1:07:09]}
a3 {[%clk 1:37:03]} 24.Rfc1 {[%clk 1:01:30]} Be6 {[%clk 1:31:33]}
25.d5 {[%clk 0:57:46]} Bxd5 {[%clk 1:31:58]} 26.Nxd5 {[%clk 0:54:53]}
Rxd5 {[%clk 1:31:53]} 27.Rxc7 {[%clk 0:55:20]} Rd2 {[%clk 1:29:59]}
28.Rac1 {[%clk 0:53:32]} h5 {[%clk 1:30:10]} 29.R1c2 {[%clk 0:31:08]}
Rad8 {[%clk 1:29:04]} 30.b5 {[%clk 0:23:22]} Rd1+ {[%clk 0:58:41]}
31.Kh2 {[%clk 0:23:43]} Rb1 {[%clk 0:59:09]} 32.g4 {[%clk 0:17:16]}
Rxb5 {[%clk 0:55:46]} 33.gxh5 {[%clk 0:16:31]} Rxh5+ {[%clk 0:55:32]}
34.Kg3 {[%clk 0:16:59]} Rb5 {[%clk 0:45:08]} 35.Rc8 {[%clk 0:14:47]}
Rb8 {[%clk 0:33:49]} 36.Rxd8+ {[%clk 0:15:09]} Rxd8 {[%clk 0:34:17]}
37.Rc3 {[%clk 0:15:32]} Ra8 {[%clk 0:34:46]} 38.Kf4 {[%clk 0:15:48]}
Kh7 {[%clk 0:30:38]} 39.Ke4 {[%clk 0:14:52]} f5+ {[%clk 0:22:51]}
40.Kd4 {[%clk 0:37:33]} g5 {[%clk 0:45:56]} 41.Kc4 {[%clk 0:26:07]}
Kg6 {[%clk 0:41:31]} 42.Kb4 {[%clk 0:25:15]} Rd8 {[%clk 0:34:44]}
43.Rc2 {[%clk 0:17:25]} Rd3 {[%clk 0:34:50]} 44.Kc4 {[%clk 0:17:50]}
Rd1 {[%clk 0:34:37]} 45.Kb3 {[%clk 0:14:22]} Rd3+ {[%clk 0:34:58]}
46.Kc4 {[%clk 0:14:49]} Rd1 1/2-1/2

[Event "Russian Higher League 2021"]
[Site "?"]
[Date "2021.07.05"]
[Round "9.11"]
[White "Pogosyan, Stefan"]
[Black "Timofeev, Artyom"]
[Result "1/2-1/2"]
[WhiteElo "2413"]
[BlackElo "2595"]
[Annotator ""]
[Source ""]
[Remark ""]

1.d4 {[%clk 1:30:40]} d5 {[%clk 1:30:50]} 2.c4 {[%clk 1:31:00]}
e6 {[%clk 1:31:07]} 3.Nf3 {[%clk 1:31:10]} dxc4 {[%clk 1:31:04]}
4.e3 {[%clk 1:31:06]} a6 {[%clk 1:30:51]} 5.Bxc4 {[%clk 1:29:06]}
Nf6 {[%clk 1:30:25]} 6.O-O {[%clk 1:29:30]} c5 {[%clk 1:30:48]}
7.dxc5 {[%clk 1:26:21]} Bxc5 {[%clk 1:30:39]} 8.Qe2 {[%clk 1:14:11]}
Nc6 {[%clk 1:26:58]} 9.a3 {[%clk 1:12:06]} Bd6 {[%clk 1:22:50]}
10.Nbd2 {[%clk 1:04:03]} O-O {[%clk 1:20:26]} 11.Bd3 {[%clk 1:00:55]}
Qe7 {[%clk 1:10:49]} 12.Rd1 {[%clk 0:49:30]} Rd8 {[%clk 1:09:14]}
13.Ne4 {[%clk 0:46:33]} Nxe4 {[%clk 1:05:02]} 14.Bxe4 {[%clk 0:46:58]}
Bd7 {[%clk 1:04:41]} 15.Bd2 {[%clk 0:44:24]} Be8 {[%clk 1:04:01]}
16.Bc3 {[%clk 0:40:58]} Rac8 {[%clk 1:03:53]} 17.Rac1 {[%clk 0:38:38]}
Bb8 {[%clk 1:03:47]} 18.Bb1 {[%clk 0:34:53]} f6 {[%clk 0:55:06]}
19.Be4 {[%clk 0:29:24]} Rxd1+ {[%clk 0:51:19]} 20.Rxd1 {[%clk 0:27:39]}
Rd8 {[%clk 0:51:39]} 21.Rxd8 {[%clk 0:27:53]} Nxd8 {[%clk 0:42:28]}
22.Qc2 {[%clk 0:27:25]} g6 {[%clk 0:41:50]} 23.Qd2 {[%clk 0:23:29]}
Bc6 {[%clk 0:35:15]} 24.Bc2 {[%clk 0:20:04]} e5 {[%clk 0:33:20]}
25.Bb4 {[%clk 0:19:14]} Qe8 {[%clk 0:33:43]} 26.Bb3+ {[%clk 0:18:39]}
Kg7 {[%clk 0:33:47]} 27.Qc2 {[%clk 0:16:52]} Bc7 {[%clk 0:26:51]}
28.Nd2 {[%clk 0:14:13]} a5 {[%clk 0:27:15]} 29.Bc3 {[%clk 0:14:34]}
Qd7 {[%clk 0:26:32]} 30.h3 {[%clk 0:13:43]} Ne6 {[%clk 0:24:16]}
31.Ne4 {[%clk 0:12:03]} Bxe4 {[%clk 0:15:17]} 32.Qxe4 {[%clk 0:11:56]}
Nc5 {[%clk 0:15:42]} 33.Qd5 {[%clk 0:11:57]} Qxd5 {[%clk 0:16:04]}
34.Bxd5 {[%clk 0:12:23]} Na4 {[%clk 0:16:29]} 35.Bxb7 {[%clk 0:10:03]}
Nxc3 {[%clk 0:16:54]} 36.bxc3 {[%clk 0:10:28]} Bd6 {[%clk 0:17:06]}
37.a4 {[%clk 0:09:24]} Ba3 {[%clk 0:17:28]} 38.g4 {[%clk 0:07:57]}
f5 {[%clk 0:17:42]} 39.Bc8 {[%clk 0:08:23]} Kf6 {[%clk 0:17:15]}
40.Kg2 {[%clk 0:38:27]} Bb2 {[%clk 0:45:49]} 41.c4 {[%clk 0:38:04]}
Ba3 {[%clk 0:46:12]} 42.Kg3 {[%clk 0:34:45]} Bb4 {[%clk 0:45:40]}
43.h4 {[%clk 0:30:21]} Bd6 {[%clk 0:43:37]} 44.f4 {[%clk 0:29:57]}
e4 {[%clk 0:43:00]} 45.h5 {[%clk 0:29:29]} Bc5 {[%clk 0:39:38]}
46.Kf2 {[%clk 0:29:33]} fxg4 {[%clk 0:38:54]} 47.hxg6 {[%clk 0:28:01]}
hxg6 {[%clk 0:38:56]} 48.Bxg4 {[%clk 0:28:21]} g5 {[%clk 0:39:18]}
49.fxg5+ {[%clk 0:28:47]} 1/2-1/2

[Event "Russian Higher League 2021"]
[Site "?"]
[Date "2021.07.05"]
[Round "9.12"]
[White "Dreev, Aleksey"]
[Black "Kezin, Roman"]
[Result "1-0"]
[WhiteElo "2647"]
[BlackElo "2486"]
[Annotator ""]
[Source ""]
[Remark ""]

1.d4 {[%clk 1:27:35]} d5 {[%clk 1:30:53]} 2.c4 {[%clk 1:28:00]}
e6 {[%clk 1:31:19]} 3.Nc3 {[%clk 1:28:18]} c6 {[%clk 1:31:45]}
4.Nf3 {[%clk 1:28:10]} Nf6 {[%clk 1:32:07]} 5.g3 {[%clk 1:28:36]}
dxc4 {[%clk 1:32:31]} 6.Bg2 {[%clk 1:29:01]} Nbd7 {[%clk 1:32:45]}
7.O-O {[%clk 1:27:30]} Be7 {[%clk 1:32:21]} 8.e4 {[%clk 1:27:32]}
O-O {[%clk 1:32:40]} 9.Bf4 {[%clk 1:27:35]} Re8 {[%clk 1:31:27]}
10.a4 {[%clk 1:27:07]} b6 {[%clk 1:30:01]} 11.Qe2 {[%clk 1:26:11]}
a5 {[%clk 1:29:06]} 12.Rfd1 {[%clk 1:16:32]} Ba6 {[%clk 1:24:11]}
13.Ne1 {[%clk 1:12:46]} Nf8 {[%clk 0:25:52]} 14.Nc2 {[%clk 1:12:19]}
Ra7 {[%clk 0:25:03]} 15.Be3 {[%clk 0:58:49]} Rd7 {[%clk 0:17:36]}
16.Na3 {[%clk 0:56:48]} c5 {[%clk 0:07:56]} 17.dxc5 {[%clk 0:43:18]}
Bxc5 {[%clk 0:08:21]} 18.Bxc5 {[%clk 0:42:56]} bxc5 {[%clk 0:08:46]}
19.Ncb5 {[%clk 0:39:10]} Qb8 {[%clk 0:03:30]} 20.Qe1 {[%clk 0:37:10]}
Bxb5 {[%clk 0:02:27]} 21.axb5 {[%clk 0:37:27]} a4 {[%clk 0:01:56]}
22.Nxc4 {[%clk 0:37:23]} Qxb5 {[%clk 0:00:38]} 23.Nd6 {[%clk 0:37:14]}
Rxd6 {[%clk 0:01:06]} 24.Rxd6 {[%clk 0:37:37]} Qxb2 {[%clk 0:01:30]}
25.Rxa4 {[%clk 0:37:05]} e5 {[%clk 0:01:22]} 26.Bh3 {[%clk 0:35:14]}
Qc2 {[%clk 0:01:37]} 27.Qd1 {[%clk 0:34:53]} Qb2 {[%clk 0:01:21]}
28.Rda6 {[%clk 0:29:36]} h6 {[%clk 0:00:52]} 29.Bf5 {[%clk 0:27:59]}
Qb8 {[%clk 0:00:56]} 30.Qd6 {[%clk 0:25:46]} Qxd6 {[%clk 0:00:39]}
31.Rxd6 {[%clk 0:26:11]} N8h7 {[%clk 0:00:44]} 32.h4 {[%clk 0:23:50]}
g6 {[%clk 0:01:02]} 33.Bh3 {[%clk 0:24:16]} Kg7 {[%clk 0:00:59]}
34.Rc6 {[%clk 0:24:19]} g5 {[%clk 0:01:05]} 35.Bf5 {[%clk 0:19:43]}
gxh4 {[%clk 0:01:29]} 36.gxh4 {[%clk 0:20:10]} Nh5 {[%clk 0:01:48]}
37.Ra7 {[%clk 0:19:09]} N7f6 {[%clk 0:01:26]} 38.Rcc7 {[%clk 0:18:46]}
Rf8 {[%clk 0:00:37]} 39.Rxc5 {[%clk 0:17:58]} Re8 {[%clk 0:00:37]}
40.Rcc7 {[%clk 0:48:03]} Rf8 {[%clk 0:31:01]} 41.Re7 {[%clk 0:46:32]}
Nf4 {[%clk 0:29:35]} 42.Rxe5 {[%clk 0:46:18]} Ng8 {[%clk 0:30:03]}
43.Rc5 {[%clk 0:45:31]} h5 {[%clk 0:29:57]} 44.Kh2 {[%clk 0:35:14]}
Nd3 {[%clk 0:23:55]} 45.Rc3 {[%clk 0:34:49]} Nxf2 {[%clk 0:20:25]}
46.Rg3+ {[%clk 0:34:31]} Kh8 {[%clk 0:20:09]} 47.Rf3 {[%clk 0:32:42]}
Nd1 {[%clk 0:20:22]} 48.Bg6 {[%clk 0:30:39]} Nh6 {[%clk 0:20:12]}
49.Bxh5 {[%clk 0:30:54]} Rd8 {[%clk 0:20:08]} 50.Rf6 {[%clk 0:25:00]}
Kg7 {[%clk 0:19:40]} 51.Raa6 {[%clk 0:24:49]} Rd2+ {[%clk 0:18:38]}
52.Kg1 {[%clk 0:24:16]} 1-0

[Event "Russian Higher League 2021"]
[Site "?"]
[Date "2021.07.05"]
[Round "9.13"]
[White "Samusenko, Maksim"]
[Black "Kokarev, Dmitry"]
[Result "0-1"]
[WhiteElo "2460"]
[BlackElo "2618"]
[Annotator ""]
[Source ""]
[Remark ""]

1.e4 {[%clk 1:30:49]} c5 {[%clk 1:30:53]} 2.Nc3 {[%clk 1:31:01]}
d6 {[%clk 1:29:44]} 3.d4 {[%clk 1:31:20]} cxd4 {[%clk 1:30:06]}
4.Qxd4 {[%clk 1:31:43]} Nc6 {[%clk 1:29:33]} 5.Qd2 {[%clk 1:31:31]}
g6 {[%clk 1:29:53]} 6.b3 {[%clk 1:31:16]} Bh6 {[%clk 1:30:16]}
7.f4 {[%clk 1:31:30]} f5 {[%clk 1:30:38]} 8.Bb2 {[%clk 1:31:39]}
Nf6 {[%clk 1:30:58]} 9.O-O-O {[%clk 1:30:11]} fxe4 {[%clk 1:31:06]}
10.h3 {[%clk 1:27:51]} Rf8 {[%clk 1:29:59]} 11.Nge2 {[%clk 1:25:59]}
Be6 {[%clk 1:19:24]} 12.g4 {[%clk 1:19:59]} Bg7 {[%clk 1:19:45]}
13.Bg2 {[%clk 1:02:20]} Qa5 {[%clk 1:08:40]} 14.Kb1 {[%clk 0:57:42]}
O-O-O {[%clk 1:08:37]} 15.Nxe4 {[%clk 0:52:45]} Nxe4 {[%clk 1:08:06]}
16.Qxa5 {[%clk 0:51:18]} Nxa5 {[%clk 1:08:29]} 17.Bxe4 {[%clk 0:45:26]}
Bxb2 {[%clk 1:08:44]} 18.Kxb2 {[%clk 0:45:53]} Nc6 {[%clk 1:07:08]}
19.Rhe1 {[%clk 0:43:39]} Bd7 {[%clk 1:04:14]} 20.Bh1 {[%clk 0:41:16]}
Rde8 {[%clk 1:00:23]} 21.Rf1 {[%clk 0:39:40]} Nd8 {[%clk 0:58:57]}
22.c4 {[%clk 0:33:37]} h5 {[%clk 0:46:59]} 23.Bf3 {[%clk 0:28:52]}
hxg4 {[%clk 0:47:02]} 24.hxg4 {[%clk 0:28:45]} Rf7 {[%clk 0:30:36]}
25.Rg1 {[%clk 0:17:48]} Rh8 {[%clk 0:29:02]} 26.Ka3 {[%clk 0:11:16]}
Rh3 {[%clk 0:24:21]} 27.Rd3 {[%clk 0:10:02]} Bc6 {[%clk 0:20:18]}
28.Be4 {[%clk 0:10:13]} Rh2 {[%clk 0:20:27]} 29.Re3 {[%clk 0:09:52]}
Bxe4 {[%clk 0:20:36]} 30.Rxe4 {[%clk 0:10:21]} Kd7 {[%clk 0:20:04]}
31.Nd4 {[%clk 0:02:43]} Nc6 {[%clk 0:16:37]} 32.Ne2 {[%clk 0:01:24]}
a6 {[%clk 0:15:21]} 33.Kb2 {[%clk 0:01:10]} Nd4 {[%clk 0:14:32]}
34.Rxd4 {[%clk 0:01:33]} Rxe2+ {[%clk 0:14:57]} 35.Ka3 {[%clk 0:01:46]}
Rf2 {[%clk 0:15:15]} 36.Rd5 {[%clk 0:01:00]} R7xf4 {[%clk 0:14:11]}
37.Rg5 {[%clk 0:01:07]} Rf6 {[%clk 0:13:48]} 38.c5 {[%clk 0:00:57]}
Rd2 {[%clk 0:09:20]} 39.cxd6 {[%clk 0:01:09]} Kxd6 {[%clk 0:09:33]}
40.Re1 {[%clk 0:30:52]} e6 {[%clk 0:37:58]} 41.Rge5 {[%clk 0:27:44]}
Rd5 {[%clk 0:38:08]} 42.R5e2 {[%clk 0:26:28]} e5 {[%clk 0:30:03]}
43.Rh1 {[%clk 0:24:41]} Rf4 {[%clk 0:29:32]} 44.Rh7 {[%clk 0:21:59]}
Rb5 {[%clk 0:29:16]} 45.Rg2 {[%clk 0:09:02]} e4 {[%clk 0:29:23]}
46.g5 {[%clk 0:07:06]} e3 {[%clk 0:21:58]} 47.Rg7 {[%clk 0:07:00]}
Re5 {[%clk 0:20:41]} 48.Rxg6+ {[%clk 0:07:01]} Kd5 {[%clk 0:21:03]}
49.Re2 {[%clk 0:02:21]} Ke4 {[%clk 0:21:26]} 50.Rh6 {[%clk 0:01:54]}
Kd3 {[%clk 0:21:22]} 51.Re1 {[%clk 0:01:38]} Kd2 {[%clk 0:19:35]}
52.Rg1 {[%clk 0:01:51]} e2 {[%clk 0:18:49]} 53.Rh2 {[%clk 0:01:30]}
Kc2 {[%clk 0:16:49]} 54.b4 {[%clk 0:01:11]} a5 {[%clk 0:16:26]} 0-1

[Event "Russian Higher League 2021"]
[Site "?"]
[Date "2021.07.05"]
[Round "9.14"]
[White "Nesterov, Arseniy"]
[Black "Shimanov, Aleksandr"]
[Result "1/2-1/2"]
[WhiteElo "2479"]
[BlackElo "2597"]
[Annotator ""]
[Source ""]
[Remark ""]

1.d4 {[%clk 1:30:57]} d5 {[%clk 1:28:07]} 2.c4 {[%clk 1:31:21]}
c6 {[%clk 1:28:33]} 3.Nf3 {[%clk 1:31:45]} Nf6 {[%clk 1:28:59]}
4.Nc3 {[%clk 1:32:05]} dxc4 {[%clk 1:29:14]} 5.a4 {[%clk 1:32:27]}
Bf5 {[%clk 1:29:38]} 6.e3 {[%clk 1:32:44]} e6 {[%clk 1:29:57]}
7.Bxc4 {[%clk 1:33:08]} Bb4 {[%clk 1:30:20]} 8.O-O {[%clk 1:33:30]}
Nbd7 {[%clk 1:30:44]} 9.Qe2 {[%clk 1:33:36]} Bg6 {[%clk 1:31:07]}
10.e4 {[%clk 1:30:32]} Bxc3 {[%clk 1:30:54]} 11.bxc3 {[%clk 1:30:56]}
Nxe4 {[%clk 1:31:20]} 12.Ba3 {[%clk 1:28:32]} Qc7 {[%clk 1:31:39]}
13.Rfe1 {[%clk 1:15:15]} Nxc3 {[%clk 1:31:13]} 14.Qb2 {[%clk 1:10:11]}
Ne4 {[%clk 1:31:29]} 15.a5 {[%clk 0:38:15]} Nd6 {[%clk 1:31:36]}
16.Bxe6 {[%clk 0:36:36]} O-O {[%clk 1:31:55]} 17.Bxd7 {[%clk 0:30:37]}
Nc4 {[%clk 1:32:15]} 18.Qc1 {[%clk 0:20:22]} Nxa3 {[%clk 1:32:07]}
19.Bxc6 {[%clk 0:20:37]} Nc2 {[%clk 1:25:37]} 20.Ba4 {[%clk 0:21:01]}
Rac8 {[%clk 1:13:39]} 21.Bxc2 {[%clk 0:21:24]} Bxc2 {[%clk 1:14:03]}
22.Qa3 {[%clk 0:20:49]} Qc3 {[%clk 1:08:22]} 23.Qxc3 {[%clk 0:20:35]}
Rxc3 {[%clk 1:08:45]} 24.Re7 {[%clk 0:19:57]} Rb8 {[%clk 1:02:50]}
25.Ne5 {[%clk 0:09:33]} f6 {[%clk 0:55:09]} 26.Nd7 {[%clk 0:09:40]}
Rbc8 {[%clk 0:55:34]} 27.h3 {[%clk 0:07:17]} Rd3 {[%clk 0:41:59]}
28.Nc5 {[%clk 0:05:32]} Rxd4 {[%clk 0:42:24]} 29.Ne6 {[%clk 0:04:02]}
Re4 {[%clk 0:42:42]} 30.Rxg7+ {[%clk 0:02:39]} Kh8 {[%clk 0:43:11]}
31.Rc7 {[%clk 0:03:06]} Rxc7 {[%clk 0:41:29]} 32.Nxc7 {[%clk 0:03:34]}
Re5 {[%clk 0:41:56]} 33.f4 {[%clk 0:02:38]} Rc5 {[%clk 0:40:53]}
34.Ne8 {[%clk 0:02:03]} Rc6 {[%clk 0:18:54]} 35.Rc1 {[%clk 0:02:28]}
b6 {[%clk 0:19:08]} 36.axb6 {[%clk 0:02:51]} axb6 {[%clk 0:19:34]}
37.Nxf6 {[%clk 0:03:03]} Rxf6 {[%clk 0:19:47]} 38.Rxc2 {[%clk 0:03:29]}
Rxf4 {[%clk 0:20:14]} 39.Rc7 {[%clk 0:03:54]} b5 {[%clk 0:20:36]}
40.Rb7 {[%clk 0:34:21]} b4 {[%clk 0:51:02]} 1/2-1/2

[Event "Russian Higher League 2021"]
[Site "?"]
[Date "2021.07.05"]
[Round "9.15"]
[White "Yuffa, Daniil"]
[Black "Grigorjev, Iljya"]
[Result "0-1"]
[WhiteElo "2578"]
[BlackElo "2377"]
[Annotator ""]
[Source ""]
[Remark ""]

1.g3 {[%clk 1:30:50]} Nf6 {[%clk 1:28:44]} 2.Bg2 {[%clk 1:31:17]}
d5 {[%clk 1:26:12]} 3.Nf3 {[%clk 1:31:40]} g6 {[%clk 1:26:30]}
4.O-O {[%clk 1:32:04]} Bg7 {[%clk 1:26:55]} 5.d3 {[%clk 1:32:30]}
O-O {[%clk 1:26:59]} 6.Nbd2 {[%clk 1:32:56]} Nc6 {[%clk 1:22:27]}
7.e4 {[%clk 1:33:20]} e5 {[%clk 1:20:27]} 8.c3 {[%clk 1:33:22]}
a5 {[%clk 1:20:02]} 9.a4 {[%clk 1:33:42]} dxe4 {[%clk 1:15:52]}
10.dxe4 {[%clk 1:34:07]} b6 {[%clk 1:16:15]} 11.Re1 {[%clk 1:28:41]}
Bb7 {[%clk 1:11:14]} 12.Qc2 {[%clk 1:27:34]} Re8 {[%clk 1:07:39]}
13.Nc4 {[%clk 1:23:06]} Ba6 {[%clk 1:03:30]} 14.Bf1 {[%clk 1:14:43]}
Qc8 {[%clk 0:54:32]} 15.b3 {[%clk 1:10:55]} h6 {[%clk 0:54:19]}
16.Nh4 {[%clk 0:51:21]} Qe6 {[%clk 0:51:14]} 17.Ng2 {[%clk 0:50:19]}
Rad8 {[%clk 0:42:14]} 18.Ba3 {[%clk 0:47:11]} Bb7 {[%clk 0:38:41]}
19.Nge3 {[%clk 0:44:01]} Nd4 {[%clk 0:29:25]} 20.cxd4 {[%clk 0:44:22]}
exd4 {[%clk 0:29:52]} 21.Ng2 {[%clk 0:27:20]} Nxe4 {[%clk 0:29:20]}
22.Nf4 {[%clk 0:24:14]} Qf6 {[%clk 0:25:59]} 23.Bg2 {[%clk 0:23:03]}
d3 {[%clk 0:24:34]} 24.Nxd3 {[%clk 0:13:27]} Rxd3 {[%clk 0:24:40]}
25.Bb2 {[%clk 0:08:58]} Qd8 {[%clk 0:23:20]} 26.Re2 {[%clk 0:07:09]}
Bxb2 {[%clk 0:21:24]} 27.Qxb2 {[%clk 0:06:37]} Rd1+ {[%clk 0:21:10]}
28.Rxd1 {[%clk 0:05:30]} Qxd1+ {[%clk 0:21:33]} 29.Bf1 {[%clk 0:05:58]}
Rd8 {[%clk 0:20:19]} 30.h4 {[%clk 0:05:12]} Nc5 {[%clk 0:19:05]}
31.Nd2 {[%clk 0:03:05]} Ba6 {[%clk 0:16:44]} 32.Qf6 {[%clk 0:02:23]}
Rf8 {[%clk 0:16:25]} 33.Re3 {[%clk 0:01:53]} Qxd2 {[%clk 0:16:31]}
34.h5 {[%clk 0:01:57]} Qd6 {[%clk 0:16:15]} 0-1

[Event "Russian Higher League 2021"]
[Site "?"]
[Date "2021.07.05"]
[Round "9.16"]
[White "Triapishko, Alexandr"]
[Black "Dudin, Gleb"]
[Result "1/2-1/2"]
[WhiteElo "2510"]
[BlackElo "2439"]
[Annotator ""]
[Source ""]
[Remark ""]

1.Nf3 {[%clk 1:30:55]} d5 {[%clk 1:30:30]} 2.g3 {[%clk 1:30:44]}
Nd7 {[%clk 1:30:49]} 3.d4 {[%clk 1:30:52]} Nb6 {[%clk 1:31:11]}
4.a4 {[%clk 1:30:21]} a5 {[%clk 1:28:51]} 5.Bg2 {[%clk 1:29:15]}
Bf5 {[%clk 1:29:05]} 6.O-O {[%clk 1:29:16]} e6 {[%clk 1:29:27]}
7.Ne5 {[%clk 1:29:24]} c6 {[%clk 1:26:06]} 8.f3 {[%clk 1:19:28]}
h6 {[%clk 1:11:13]} 9.e4 {[%clk 1:19:04]} Bh7 {[%clk 1:11:34]}
10.Be3 {[%clk 1:15:52]} Nf6 {[%clk 1:08:31]} 11.Nd2 {[%clk 1:14:03]}
Be7 {[%clk 1:08:01]} 12.Qe2 {[%clk 1:12:28]} O-O {[%clk 1:07:26]}
13.c3 {[%clk 0:53:13]} Nc8 {[%clk 0:41:41]} 14.Nd3 {[%clk 0:35:55]}
Nd7 {[%clk 0:37:21]} 15.f4 {[%clk 0:17:55]} Qb6 {[%clk 0:35:19]}
16.c4 {[%clk 0:11:40]} Qa6 {[%clk 0:33:30]} 17.b3 {[%clk 0:09:39]}
Nd6 {[%clk 0:29:32]} 18.e5 {[%clk 0:07:29]} Nf5 {[%clk 0:17:26]}
19.Bf2 {[%clk 0:06:11]} Rfd8 {[%clk 0:16:56]} 20.g4 {[%clk 0:04:12]}
Nh4 {[%clk 0:05:35]} 21.Bxh4 {[%clk 0:04:14]} Bxh4 {[%clk 0:06:01]}
22.f5 {[%clk 0:04:33]} Nf8 {[%clk 0:03:44]} 23.c5 {[%clk 0:03:17]}
b6 {[%clk 0:02:19]} 24.Qf3 {[%clk 0:01:47]} Qa7 {[%clk 0:01:50]}
25.b4 {[%clk 0:01:13]} axb4 {[%clk 0:00:36]} 26.Nb3 {[%clk 0:01:40]}
f6 {[%clk 0:00:36]} 27.Qh3 {[%clk 0:00:42]} Bg5 {[%clk 0:00:49]}
28.Qg3 {[%clk 0:00:45]} fxe5 {[%clk 0:00:53]} 29.Nxe5 {[%clk 0:00:49]}
Rac8 {[%clk 0:00:40]} 30.h4 {[%clk 0:00:33]} Be7 {[%clk 0:01:02]}
31.fxe6 {[%clk 0:00:40]} bxc5 {[%clk 0:00:38]} 32.Rf7 {[%clk 0:00:36]}
Nxe6 {[%clk 0:00:59]} 33.g5 {[%clk 0:00:57]} hxg5 {[%clk 0:00:36]}
34.Bh3 {[%clk 0:00:38]} Rd6 {[%clk 0:00:34]} 35.hxg5 {[%clk 0:00:39]}
Nxg5 {[%clk 0:00:32]} 36.Qxg5 {[%clk 0:00:36]} Bxg5 {[%clk 0:00:48]}
37.Rxa7 {[%clk 0:01:05]} Rf8 {[%clk 0:01:03]} 38.Rf1 {[%clk 0:00:37]}
Be3+ {[%clk 0:00:49]} 39.Kh2 {[%clk 0:01:03]} Rxf1 {[%clk 0:00:35]}
40.Bxf1 {[%clk 0:31:27]} Bc2 {[%clk 0:30:37]} 41.Ra8+ {[%clk 0:07:25]}
Kh7 {[%clk 0:30:59]} 42.Nxc5 {[%clk 0:06:15]} b3 {[%clk 0:18:37]}
43.Bd3+ {[%clk 0:05:28]} g6 {[%clk 0:19:01]} 44.Ra7+ {[%clk 0:02:42]}
Kg8 {[%clk 0:19:23]} 45.Ra8+ {[%clk 0:02:21]} Kh7 {[%clk 0:19:22]}
46.Ra7+ {[%clk 0:02:18]} 1/2-1/2